Regioni italiane più montuose - Statistics

Statistiche generali
  • Questo quiz è stato fatto 67 volte
  • Il punteggio medio è 7 su 8
Statistiche sulle risposte
Territorio montuoso (%) Regione % Corretto
100 Trentino-Alto Adige
100%
100 Valle d'Aosta
100%
43,3 Piemonte
93%
42,5 Friuli-Venezia Giulia
91%
65,1 Liguria
79%
65,1 Abruzzo
77%
55,3 Molise
67%
46,3 Basilicata
58%
Nessun quiz corrispondente trovato
Distribuzione punteggi
Percentuale di utenti per punteggio
Percentile per numero di risposta
I tuoi punteggi nel tempo
Non hai fatto questo quiz